000 00645nam a2200277Ia 4500
005 20260324114915.0
008 008 260324s9999 xx 000 0 eng d
020 _a9780429276330
037 _aEBOOK
040 _aCRL
040 _beng
040 _cCRL
041 _2eng
041 _aeng
084 _qCRL
100 _aMahendra Rai; Patrycja GoliƄska
_91148064
245 0 _aMicrobial Nanotechnology
260 _bTaylor and Francis
260 _c2020
365 _a
365 _b340
856 _uhttp://www.taylorfrancis.com/books/9780429276330
942 _cEBOOK
999 _c1743091
_d1743091